000
00230nam a2200097Ia 4500
008
190216s9999||||xx |||||||||||||| ||und||
100
_a
Anand R L
245
0
_a
Flying Field Manuel
260
_b
National Books Of Sports
942
_c
BK
999
_c
32595
_d
32595